[Event "World Cup"]
[Site "Khanty-Mansiysk RUS"]
[Date "2009.11.22"]
[Round "1.2"]
[White "Gashimov, V."]
[Black "Sarwat, W."]
[Result "1-0"]
[WhiteElo "2758"]
[BlackElo "2405"]
[PlyCount "119"]
[EventDate "2009.11.21"]

1. e4 e5 2. Nf3 Nc6 3. Bb5 a6 4. Ba4 Nf6 5. O-O Be7 6. Re1 b5 7. Bb3 O-O 8. c3
d6 9. d4 Bg4 10. d5 Na5 11. Bc2 c6 12. h3 Bd7 13. Nxe5 dxe5 14. d6 c5 15. dxe7
Qxe7 16. Nd2 Rfd8 17. Qf3 c4 18. Nf1 h6 19. Ne3 Be6 20. Qg3 Qd6 21. Nd5 Bxd5
22. exd5 Re8 23. Be3 Nb7 24. Rad1 Rad8 25. b4 a5 26. a3 axb4 27. cxb4 Ra8 28.
Bc1 e4 29. Bf4 Qa6 30. d6 Nh5 31. Qh4 Nxf4 32. Qxf4 g5 33. Qg3 f5 34. d7 Re6
35. h4 Nd8 36. Rd5 Qxa3 37. Qxa3 Rxa3 38. Rxb5 Rf6 39. hxg5 hxg5 40. Rb8 Rf8
41. Rc8 Ra7 42. Rd1 Kf7 43. Rxc4 Ke7 44. Rcd4 Nc6 45. Rd6 Rc7 46. Bb3 Nd8 47.
R6d5 Rc3 48. Re5+ Kf6 49. Re8 Kg7 50. Be6 f4 51. Bg4 e3 52. fxe3 Rxe3 53. Re1
Nf7 54. R1xe3 fxe3 55. Kf1 Nd8+ 56. Ke1 Kf7 57. b5 Nb7 58. b6 e2 59. Bh5+ Kg7
60. Bf3 1-0

[Event "World Cup"]
[Site "Khanty-Mansiysk RUS"]
[Date "2009.11.22"]
[Round "1.2"]
[White "Al Sayed, Mohamad"]
[Black "Eljanov, P."]
[Result "1/2-1/2"]
[WhiteElo "2504"]
[BlackElo "2729"]
[PlyCount "125"]
[EventDate "2009.11.21"]

1. d4 Nf6 2. c4 e6 3. Nc3 Bb4 4. Qc2 O-O 5. e4 d6 6. Bd3 Nc6 7. Nge2 Ba5 8. d5
Nb4 9. Qd2 c6 10. dxc6 bxc6 11. O-O Ba6 12. b3 d5 13. e5 Nxd3 14. Qxd3 Nd7 15.
Qg3 Bc7 16. Bf4 Qb8 17. Nd4 Bxe5 18. Nxc6 Bxf4 19. Nxb8 Bxg3 20. Nxd7 Rfd8 21.
Nc5 Be5 22. Rac1 Bc8 23. cxd5 exd5 24. Rfe1 f6 25. Nd3 Bxc3 26. Rxc3 Bf5 27.
Nf4 Rac8 28. Rxc8 Bxc8 29. Re7 d4 30. Kf1 d3 31. Ke1 d2+ 32. Kd1 Bf5 33. Rc7 g5
34. Ne2 h5 35. Rc5 Bd3 36. Nc3 Bf1 37. Rd5 Rxd5 38. Nxd5 Bxg2 39. Nc3 Kf7 40.
b4 h4 41. Kxd2 f5 42. Ke2 Bb7 43. f3 Ke6 44. Ke3 Ke5 45. a4 a6 46. a5 Bc6 47.
h3 f4+ 48. Kf2 Kd4 49. Ne4 Kc4 50. Nxg5 Bd7 51. Nf7 Kxb4 52. Ne5 Bxh3 53. Ng6
Kxa5 54. Ke2 Kb4 55. Kd2 Kb3 56. Kc1 Bf5 57. Nxh4 Bh7 58. Ng2 a5 59. Nxf4 a4
60. Ne6 Kc3 61. Nd4 Bd3 62. f4 Kxd4 63. Kb2 1/2-1/2

[Event "World Cup"]
[Site "Khanty-Mansiysk RUS"]
[Date "2009.11.22"]
[Round "1.2"]
[White "Ivanov, AV USA."]
[Black "Tomashevsky, E."]
[Result "1/2-1/2"]
[WhiteElo "2539"]
[BlackElo "2708"]
[PlyCount "72"]
[EventDate "2009.11.21"]

1. e4 e5 2. Nf3 Nc6 3. Bb5 a6 4. Ba4 Nf6 5. O-O b5 6. Bb3 Bb7 7. c3 Nxe4 8. d4
Na5 9. Bc2 exd4 10. b4 Nc4 11. Bxe4 Bxe4 12. Re1 d5 13. Nxd4 c5 14. bxc5 Bxc5
15. f3 O-O 16. fxe4 dxe4 17. Rxe4 Qd5 18. Qf3 Ne5 19. Qf5 Rae8 20. Nd2 b4 21.
N2b3 g6 22. Qf1 Qxe4 23. Nxc5 Qh4 24. g3 Qh5 25. cxb4 a5 26. Bb2 axb4 27. Ne4
Nf3+ 28. Nxf3 Rxe4 29. Qf2 Qd5 30. Nd2 Re6 31. Rf1 f6 32. Nb3 Rfe8 33. Nc1 Rc8
34. Nb3 Rce8 35. Nc1 Rc8 36. Nb3 Rce8 1/2-1/2

[Event "World Cup"]
[Site "Khanty-Mansiysk RUS"]
[Date "2009.11.22"]
[Round "1.2"]
[White "Milos, G."]
[Black "Efimenko, Z."]
[Result "1/2-1/2"]
[WhiteElo "2603"]
[BlackElo "2668"]
[PlyCount "128"]
[EventDate "2009.11.21"]

1. e4 c5 2. c3 d5 3. exd5 Qxd5 4. d4 Nf6 5. Nf3 Bg4 6. Be2 e6 7. h3 Bh5 8. O-O
Be7 9. Na3 a6 10. dxc5 Bxc5 11. Qxd5 Nxd5 12. Nc4 Nc6 13. Re1 Rd8 14. a4 O-O
15. g4 Bg6 16. Nfe5 Nxe5 17. Nxe5 Bc2 18. Bd3 Bxd3 19. Nxd3 Ba7 20. Nf4 Nf6 21.
Ra3 Rd7 22. Rb3 Rc8 23. Be3 Bb8 24. Ne2 Rc4 25. Rb4 Rxb4 26. cxb4 h5 27. gxh5
Nxh5 28. Rc1 Bd6 29. b5 axb5 30. axb5 Nf6 31. Rc8+ Kh7 32. Nc3 Kg6 33. Kg2 Be5
34. Na4 Rd5 35. b6 Rb5 36. Rc7 Rb4 37. b3 Nd5 38. Rxb7 Rxb3 39. Nc5 Nxe3+ 40.
fxe3 Rxe3 41. Nd7 Bd6 42. Ra7 Rg3+ 43. Kf1 Rxh3 44. b7 Rb3 45. Ra6 Bf4 46. Rb6
Rxb6 47. Nxb6 Kf5 48. Nd7 g5 49. Kf2 g4 50. b8=Q Bxb8 51. Nxb8 Kf4 52. Nd7 f5
53. Nf8 e5 54. Ne6+ Ke4 55. Kg3 Ke3 56. Ng7 Ke4 57. Ne6 Ke3 58. Ng7 f4+ 59.
Kxg4 f3 60. Nf5+ Ke2 61. Ng3+ Kf2 62. Ne4+ Ke3 63. Kf5 f2 64. Nxf2 Kxf2 1/2-1/2

[Event "World Cup"]
[Site "Khanty-Mansiysk RUS"]
[Date "2009.11.22"]
[Round "1.2"]
[White "Ghaem Maghami, E."]
[Black "Najer, E."]
[Result "1/2-1/2"]
[WhiteElo "2603"]
[BlackElo "2666"]
[PlyCount "106"]
[EventDate "2009.11.21"]

1. e4 e5 2. Nf3 Nc6 3. Bb5 a6 4. Ba4 Nf6 5. Qe2 Bc5 6. c3 b5 7. Bb3 O-O 8. O-O
d6 9. Rd1 Bb6 10. h3 h6 11. d3 Re8 12. Nbd2 Ne7 13. Nf1 Ng6 14. Be3 Rb8 15. Re1
d5 16. Rad1 Be6 17. Bxb6 Rxb6 18. d4 dxe4 19. Nxe5 Bxb3 20. axb3 Qd5 21. c4
bxc4 22. Nxg6 fxg6 23. bxc4 Qb7 24. Rd2 Rb8 25. Rb1 Kh7 26. Ne3 Rb3 27. Ra1 g5
28. Ra2 h5 29. Qd1 Kg6 30. Qc2 a5 31. d5 Qa6 32. Nf1 R3b4 33. Ne3 Rb3 34. Qd1
Qb6 35. Qe1 Qc5 36. Re2 R8b4 37. Qa1 Qb6 38. Qc1 Qc5 39. Rc2 a4 40. Rc3 g4 41.
Rxb3 axb3 42. Ra6 gxh3 43. Qc3 hxg2 44. Rc6 Qe7 45. d6 Qd7 46. Nd5 Rb6 47. Qg3+
Ng4 48. Rxc7 Qxd6 49. Nxb6 Qxb6 50. Rd7 Qa5 51. Qc3 Qxc3 52. bxc3 h4 53. c5 h3
1/2-1/2

[Event "World Cup"]
[Site "Khanty-Mansiysk RUS"]
[Date "2009.11.22"]
[Round "1.2"]
[White "Sjugirov, S."]
[Black "Fressinet, L."]
[Result "0-1"]
[WhiteElo "2612"]
[BlackElo "2653"]
[PlyCount "109"]
[EventDate "2009.11.21"]

1. e4 e5 2. Nf3 Nc6 3. Bb5 Nf6 4. O-O Nxe4 5. d4 Nd6 6. Bxc6 dxc6 7. dxe5 Nf5
8. Qxd8+ Kxd8 9. Nc3 Ke8 10. Ne2 Ne7 11. h3 Ng6 12. Re1 c5 13. Nc3 h6 14. Be3
Be6 15. Rad1 Rd8 16. Nb5 Rd7 17. a4 a6 18. Nc3 a5 19. Nb5 Be7 20. Rd2 b6 21.
Red1 Bd8 22. Rxd7 Bxd7 23. Rd2 Bc6 24. Nh2 Nxe5 25. Re2 Bxb5 26. axb5 Kd7 27.
Bxc5 Re8 28. Rd2+ Kc8 29. Bd4 Bf6 30. b3 Rd8 31. Be3 Rxd2 32. Bxd2 c6 33. f4
Nd7 34. bxc6 Nb8 35. Be3 b5 36. Ng4 Bb2 37. Ne5 a4 38. bxa4 bxa4 39. Nxf7 Nxc6
40. Nd6+ Kd7 41. Nc4 a3 42. Nxa3 Bxa3 43. Kf2 Kd6 44. g4 Kd5 45. h4 Ke4 46. Bd2
Bc5+ 47. Kg2 Nd4 48. c4 Nf3 49. Bc3 Bd4 50. Bxd4 Nxd4 51. f5 Kf4 52. Kh3 h5 53.
gxh5 Nxf5 54. c5 Ne7 55. Kg2 0-1

[Event "World Cup"]
[Site "Khanty-Mansiysk RUS"]
[Date "2009.11.22"]
[Round "1.2"]
[White "Leitao, R."]
[Black "Timofeev, Arty"]
[Result "1/2-1/2"]
[WhiteElo "2621"]
[BlackElo "2651"]
[PlyCount "77"]
[EventDate "2009.11.21"]

1. d4 Nf6 2. c4 g6 3. Nf3 Bg7 4. g3 d5 5. cxd5 Nxd5 6. Bg2 Nb6 7. Nc3 Nc6 8. e3
O-O 9. O-O Re8 10. Re1 Bd7 11. Qe2 Qc8 12. b3 e5 13. Nxe5 Nxe5 14. dxe5 Bxe5
15. Bb2 Bh3 16. Bh1 Bf5 17. Rad1 c6 18. e4 Bg7 19. f4 Bg4 20. Bf3 Bxf3 21. Qxf3
Rd8 22. e5 Qc7 23. Ba3 Rxd1 24. Rxd1 Rd8 25. Bd6 Qc8 26. g4 Re8 27. h3 f5 28.
exf6 Bxf6 29. Ne4 Qe6 30. Re1 Kh8 31. Bb4 Qd5 32. Bc3 Bd4+ 33. Kg2 c5 34. Ng5
Rxe1 35. Bxe1 Bf6 36. Ne4 Bd4 37. Ng5 Bf6 38. Ne4 Bd4 39. Ng5 1/2-1/2

[Event "World Cup"]
[Site "Khanty-Mansiysk RUS"]
[Date "2009.11.23"]
[Round "1.3"]
[White "Zhou Weiqi"]
[Black "Sutovsky, E."]
[Result "1/2-1/2"]
[WhiteElo "2603"]
[BlackElo "2666"]
[PlyCount "54"]
[EventDate "2009.11.21"]

1. e4 c5 2. Nf3 d6 3. c3 Nf6 4. Bd3 Nc6 5. Bc2 Bg4 6. d3 e6 7. Nbd2 d5 8. h3
Bh5 9. O-O Qc7 10. Ba4 O-O-O 11. Bxc6 Qxc6 12. e5 Nd7 13. Re1 f5 14. Nf1 h6 15.
Ng3 Bf7 16. h4 Be7 17. Qe2 Rdg8 18. Nxf5 exf5 19. e6 Bxe6 20. Qxe6 Qxe6 21.
Rxe6 Bf6 22. Rd6 Nb6 23. a4 Rd8 24. Bf4 Rhe8 25. Kf1 Rxd6 26. Bxd6 Nd7 27. Re1
Rxe1+ 1/2-1/2

[Event "World Cup"]
[Site "Khanty-Mansiysk RUS"]
[Date "2009.11.23"]
[Round "1.3"]
[White "Timofeev, Arty"]
[Black "Leitao, R."]
[Result "1/2-1/2"]
[WhiteElo "2651"]
[BlackElo "2621"]
[PlyCount "79"]
[EventDate "2009.11.21"]

1. e4 c5 2. Nf3 d6 3. Bc4 Nc6 4. c3 Nf6 5. Qe2 Bg4 6. d3 e6 7. Nbd2 Be7 8. h3
Bh5 9. Bb3 O-O 10. O-O d5 11. Re1 Qc7 12. Nf1 Rad8 13. Bc2 Ne5 14. g4 Nxf3+ 15.
Qxf3 Bg6 16. Bf4 Qb6 17. b3 d4 18. c4 Nd7 19. a3 h6 20. Rab1 a5 21. Qg3 e5 22.
Bd2 Bg5 23. b4 axb4 24. axb4 Bxd2 25. Nxd2 cxb4 26. Rb2 Qd6 27. Reb1 b6 28.
Rxb4 Rb8 29. Rb5 Nc5 30. Nb3 f6 31. Nxc5 bxc5 32. Qf3 Rfc8 33. Ba4 Be8 34. Rxb8
Rxb8 35. Rxb8 Qxb8 36. Bxe8 Qxe8 37. h4 Qa4 38. Kg2 Qc2 39. Qf5 Qxd3 40. Qc8+
1/2-1/2

[Event "World Cup"]
[Site "Khanty-Mansiysk RUS"]
[Date "2009.11.23"]
[Round "1.3"]
[White "Inarkiev, E."]
[Black "Gustafsson, J."]
[Result "1-0"]
[WhiteElo "2645"]
[BlackElo "2622"]
[PlyCount "125"]
[EventDate "2009.11.21"]

1. e4 e5 2. Nf3 Nc6 3. Bb5 a6 4. Ba4 Nf6 5. O-O Be7 6. Re1 b5 7. Bb3 O-O 8. h3
Bb7 9. d3 d6 10. a3 Qd7 11. Nbd2 Rfe8 12. c3 Nd8 13. d4 Bf8 14. Bc2 c5 15. b4
cxd4 16. cxd4 exd4 17. Bb2 g6 18. Nxd4 Bg7 19. Qf3 Rc8 20. Rad1 Qe7 21. Qe3 Nc6
22. Bb1 Ne5 23. N4b3 Ba8 24. Rc1 Nc4 25. Nxc4 bxc4 26. Nd2 Nd5 27. exd5 Qxe3
28. Rxe3 Bxb2 29. Rxc4 Bxd5 30. Rxc8 Rxc8 31. Be4 Be6 32. Bb7 Rc1+ 33. Kh2 Rc2
34. Ne4 Be5+ 35. g3 Bc4 36. Kg2 Kg7 37. h4 h6 38. Re1 d5 39. Nc5 Bd4 40. Re7
Rxf2+ 41. Kh1 Kf6 42. Rd7 Rf1+ 43. Kg2 Rf2+ 44. Kh1 Be5 45. Bxd5 Bxd5+ 46. Rxd5
Rf3 47. Nd7+ Ke6 48. Nxe5 Rxa3 49. Rc5 Rxg3 50. Kh2 Rb3 51. Nc6 Kd6 52. Rc4 Kd5
53. Na5 Rd3 54. Rc7 Rf3 55. Rc5+ Kd4 56. Kg2 Ra3 57. Rc6 Ra4 58. Rxa6 Kd5 59.
b5 Rxh4 60. b6 Rb4 61. b7 Rb2+ 62. Kf3 g5 63. Ra8 1-0

[Event "World Cup"]
[Site "Khanty-Mansiysk RUS"]
[Date "2009.11.23"]
[Round "1.3"]
[White "Andreikin, D."]
[Black "Nyback, T."]
[Result "1-0"]
[WhiteElo "2636"]
[BlackElo "2628"]
[PlyCount "141"]
[EventDate "2009.11.21"]

1. d4 Nf6 2. c4 e6 3. Nf3 b6 4. g3 Bb7 5. Bg2 Bb4+ 6. Bd2 Bxd2+ 7. Qxd2 O-O 8.
O-O d6 9. Nc3 Ne4 10. Qc2 Nxc3 11. Qxc3 Nd7 12. Rad1 Qe7 13. d5 e5 14. e4 a5
15. Nd2 c6 16. Qe3 Nc5 17. Rfe1 Rfe8 18. b3 Nd7 19. Bh3 c5 20. a4 Bc8 21. f4
exf4 22. gxf4 Nf8 23. Bxc8 Raxc8 24. e5 Qd7 25. Qg3 Ng6 26. exd6 Qxd6 27. f5
Qxg3+ 28. hxg3 Ne5 29. Kg2 Ng4 30. Ne4 Rcd8 31. Kf3 Ne5+ 32. Kf4 f6 33. g4 Rd7
34. Re3 h6 35. Rde1 Rde7 36. Kg3 Kf8 37. Nf2 Kf7 38. Ne4 Kf8 39. Nd2 Kg8 40.
Nf3 Kf7 41. Nxe5+ fxe5 42. Rh1 Kf6 43. Rh5 Rg8 44. Kf3 e4+ 45. Kf4 Rh8 46. Rh1
g5+ 47. fxg6 Kxg6 48. Rxe4 Rf8+ 49. Ke3 Ref7 50. Re6+ Kg5 51. Rhxh6 Kxg4 52.
Ke4 Rf4+ 53. Ke5 R8f5+ 54. Kd6 Rf3 55. Reg6+ Kf4 56. Kc7 Rf7+ 57. Kc6 Rxb3 58.
d6 Rd3 59. Kxb6 Ke5 60. Kxc5 Rf8 61. Re6+ Kf5 62. Re7 Kg5 63. Rhe6 Kf5 64. Re5+
Kf6 65. Rd5 Ra3 66. Re2 Rc8+ 67. Kd4 Rxa4 68. Rc2 Ra1 69. d7 Rg8 70. Kc5 Ke7
71. d8=Q+ 1-0

[Event "World Cup"]
[Site "Khanty-Mansiysk RUS"]
[Date "2009.11.23"]
[Round "1.4"]
[White "Nijboer, F."]
[Black "Bacrot, E."]
[Result "0-1"]
[WhiteElo "2561"]
[BlackElo "2700"]
[PlyCount "90"]
[EventDate "2009.11.21"]

1. e4 e5 2. Nf3 Nc6 3. Bb5 Nf6 4. O-O Nxe4 5. d4 Nd6 6. Bxc6 dxc6 7. dxe5 Nf5
8. Qxd8+ Kxd8 9. Nc3 h6 10. b3 Ne7 11. Bb2 Bg4 12. Rad1+ Ke8 13. Rd3 Rd8 14.
Rfd1 Rxd3 15. Rxd3 Ng6 16. Ne2 Bc5 17. Bd4 Bxd4 18. Nexd4 Ke7 19. h3 Bd7 20. b4
a5 21. a3 axb4 22. axb4 Ra8 23. h4 Ra4 24. Rb3 Bg4 25. g3 Ra2 26. Rc3 Rb2 27.
b5 Bxf3 28. Rxf3 Nxe5 29. Re3 Kd6 30. Nf5+ Kd5 31. bxc6 Nxc6 32. c3 g6 33. Nxh6
f5 34. h5 f4 35. gxf4 gxh5 36. f5 Ne5 37. f6 Rb6 38. Ng8 Ra6 39. f4 Ng4 40. f7
Ra1+ 41. Kg2 Nxe3+ 42. Kf3 Ra8 43. Kxe3 Ke6 44. Nh6 Rf8 45. f5+ Kf6 0-1

[Event "World Cup"]
[Site "Khanty-Mansiysk RUS"]
[Date "2009.11.23"]
[Round "1.4"]
[White "Naiditsch, A."]
[Black "Hou Yifan"]
[Result "0-1"]
[WhiteElo "2689"]
[BlackElo "2588"]
[PlyCount "116"]
[EventDate "2009.11.21"]

1. e4 c5 2. Nf3 e6 3. d4 cxd4 4. Nxd4 Nf6 5. Nc3 d6 6. Be3 a6 7. f3 Be7 8. Qd2
Nc6 9. O-O-O O-O 10. g4 Nd7 11. h4 Nxd4 12. Bxd4 b5 13. g5 b4 14. Na4 Bb7 15.
g6 Bc6 16. gxf7+ Rxf7 17. Bc4 d5 18. exd5 exd5 19. Bb3 Qa5 20. Rhg1 Bf6 21. Rg5
Bxg5 22. Qxg5 h6 23. Qg6 Bxa4 24. Rg1 Nf6 25. Bxf6 Raa7 26. Bd4 Rae7 27. Kb1
Bxb3 28. axb3 Qb5 29. Qd6 a5 30. h5 Qd7 31. Qb6 Qf5 32. Qxa5 Rc7 33. Rc1 Qxh5
34. Qxb4 Qxf3 35. Qb6 Qe4 36. Bc5 Kh7 37. b4 Rb7 38. Qa6 Qc4 39. Qe6 Rf1 40. b3
Rxc1+ 41. Kxc1 Qf4+ 42. Kb1 Qe4 43. Qc6 Rf7 44. Qa6 Rf6 45. Qb5 h5 46. Kb2 h4
47. Qb8 h3 48. b5 Qg2 49. Bd6 Rf2 50. Qe8 Rxc2+ 51. Ka3 Ra2+ 52. Kb4 Qd2+ 53.
Kc5 Qc3+ 54. Kb6 Qa5+ 55. Kc6 Qa8+ 56. Qxa8 Rxa8 57. Kc5 d4 58. b6 d3 0-1

[Event "World Cup"]
[Site "Khanty-Mansiysk RUS"]
[Date "2009.11.23"]
[Round "1.4"]
[White "Sargissian, G."]
[Black "Li Chao2"]
[Result "1-0"]
[WhiteElo "2676"]
[BlackElo "2596"]
[PlyCount "79"]
[EventDate "2009.11.21"]

1. d4 Nf6 2. c4 g6 3. Nc3 d5 4. Bg5 Ne4 5. Bh4 c5 6. cxd5 Nxc3 7. bxc3 Qxd5 8.
e3 Bg7 9. Nf3 cxd4 10. cxd4 Nc6 11. Be2 O-O 12. O-O Bf5 13. Nd2 e5 14. Bf3 Qd6
15. d5 Na5 16. g4 Bd3 17. Qa4 b6 18. Ne4 Bxe4 19. Bxe4 f5 20. Bg2 f4 21. Qe4
Nb7 22. exf4 Nc5 23. Qe2 Rae8 24. f5 gxf5 25. gxf5 e4 26. Rad1 Rxf5 27. Bg3 Be5
28. Bxe4 Nxe4 29. Qxe4 Ref8 30. Rd3 Kh8 31. Rf3 Qg6 32. Rxf5 Rxf5 33. Rc1 Kg7
34. Rc6 Qh5 35. Kg2 Bxg3 36. hxg3 Re5 37. Qd4 Kg8 38. d6 Re1 39. Rc8+ Kf7 40.
Rc7+ 1-0

[Event "World Cup"]
[Site "Khanty-Mansiysk RUS"]
[Date "2009.11.23"]
[Round "1.4"]
[White "Sutovsky, E."]
[Black "Zhou Weiqi"]
[Result "0-1"]
[WhiteElo "2666"]
[BlackElo "2603"]
[PlyCount "92"]
[EventDate "2009.11.21"]

1. e4 e6 2. d4 d5 3. Nc3 Nf6 4. Bg5 Be7 5. e5 Nfd7 6. Bxe7 Qxe7 7. f4 a6 8. Nf3
c5 9. dxc5 Nxc5 10. Bd3 Nc6 11. O-O Bd7 12. Ne2 Rc8 13. Qd2 O-O 14. Ned4 Nxd4
15. Nxd4 Nxd3 16. cxd3 Qc5 17. Qe3 Qb6 18. Rf2 Rc7 19. Re1 Rfc8 20. g4 Qa5 21.
Ref1 Re8 22. f5 exf5 23. gxf5 f6 24. e6 Bb5 25. a3 Qb6 26. Rf4 Qd6 27. Re1 Bxd3
28. Ne2 Qc5 29. Qxc5 Rxc5 30. Nc3 d4 31. Ne4 Re5 32. Kf2 Rc8 33. Kf3 Kf8 34.
Nd6 Rd8 35. Nxb7 Rdd5 36. Rg1 Bxf5 37. b4 g5 38. Rxf5 Rxf5+ 39. Kg4 Rf4+ 40.
Kg3 d3 41. Nc5 d2 42. Rd1 a5 43. Nd7+ Ke7 44. Nb6 Rd3+ 45. Kg2 axb4 46. axb4
Rxb4 0-1

[Event "World Cup"]
[Site "Khanty-Mansiysk RUS"]
[Date "2009.11.23"]
[Round "1.4"]
[White "Leitao, R."]
[Black "Timofeev, Arty"]
[Result "0-1"]
[WhiteElo "2621"]
[BlackElo "2651"]
[PlyCount "106"]
[EventDate "2009.11.21"]

1. d4 Nf6 2. c4 g6 3. Nf3 Bg7 4. g3 c6 5. Bg2 d5 6. cxd5 cxd5 7. Nc3 O-O 8. Ne5
e6 9. O-O Nfd7 10. f4 Nc6 11. Be3 Nb6 12. b3 Bd7 13. Rc1 f6 14. Nd3 Nc8 15. Bf2
f5 16. Ne5 Nd6 17. e3 Qe7 18. g4 Rac8 19. h4 Ne4 20. Nxe4 dxe4 21. Nxd7 Qxd7
22. Qd2 Qd6 23. Rc4 e5 24. fxe5 Bxe5 25. Qe2 Bg7 26. Rc5 Rce8 27. gxf5 gxf5 28.
Qh5 f4 29. Qd5+ Qxd5 30. Rxd5 Re7 31. Bh3 Nb4 32. Rd7 Rxd7 33. Bxd7 Nc2 34. Rc1
fxe3 35. Rxc2 exf2+ 36. Kf1 e3 37. Be6+ Kh8 38. d5 Be5 39. Bh3 Kg7 40. Rc1 Rf4
41. Rc4 Rf3 42. Rg4+ Kf6 43. Bg2 Rf5 44. Rg8 Rh5 45. Rf8+ Ke7 46. Rf3 Bd4 47.
Rf4 Bb6 48. Re4+ Kd8 49. Re6 Rxh4 50. Re4 Rh5 51. Rg4 Re5 52. Ke2 Rf5 53. Kf1
Rf7 0-1

[Event "World Cup"]
[Site "Khanty-Mansiysk RUS"]
[Date "2009.11.23"]
[Round "1.4"]
[White "Nyback, T."]
[Black "Andreikin, D."]
[Result "1-0"]
[WhiteElo "2628"]
[BlackElo "2636"]
[PlyCount "92"]
[EventDate "2009.11.21"]

1. e4 e5 2. Nf3 Nc6 3. Bc4 Bc5 4. c3 Nf6 5. d3 a6 6. Bg5 h6 7. Bh4 d6 8. Nbd2
Ba7 9. Bb3 Be6 10. O-O g5 11. Bg3 Qd7 12. d4 exd4 13. cxd4 Bxb3 14. Qxb3 Nxd4
15. Nxd4 Bxd4 16. Nf3 Bb6 17. e5 Ne4 18. exd6 O-O 19. Rad1 Nxg3 20. hxg3 Rfe8
21. Rd5 Re2 22. Nxg5 hxg5 23. dxc7 Qxc7 24. Rxg5+ Kf8 25. Qb4+ Qe7 26. Qg4 Qe6
27. Rg8+ Ke7 28. Qxe6+ Kxe6 29. Rxa8 Rxb2 30. a4 a5 31. Re8+ Kd5 32. Re7 f6 33.
Rd1+ Kc4 34. Re4+ Kc3 35. Rf4 Rb4 36. Rxf6 Bd4 37. Rf7 b6 38. Rc7+ Kb3 39. g4
Kxa4 40. g5 Bb2 41. g3 b5 42. Rd5 Kb3 43. g6 a4 44. g7 Bxg7 45. Rxg7 a3 46. Ra7
Kb2 1-0

[Event "World Cup"]
[Site "Khanty-Mansiysk RUS"]
[Date "2009.11.23"]
[Round "1.5"]
[White "Laylo, D."]
[Black "Navara, D."]
[Result "0-1"]
[WhiteElo "2552"]
[BlackElo "2707"]
[PlyCount "78"]
[EventDate "2009.11.21"]

1. d4 Nf6 2. c4 e6 3. Nf3 c5 4. d5 b5 5. Bg5 b4 6. Nbd2 Be7 7. e4 exd5 8. e5
Ng4 9. Bf4 d6 10. exd6 Bxd6 11. Bxd6 Qxd6 12. cxd5 O-O 13. Nc4 Re8+ 14. Be2 Qf4
15. O-O Ba6 16. b3 Nd7 17. Re1 Bxc4 18. Bxc4 Rxe1+ 19. Qxe1 Nde5 20. Nxe5 Qxh2+
21. Kf1 Re8 22. f4 Qxf4+ 23. Nf3 Rxe1+ 24. Rxe1 g5 25. Ke2 Qe3+ 26. Kd1 Nf2+
27. Kc2 Qc3+ 28. Kb1 Nd3 29. Bxd3 Qxd3+ 30. Kc1 g4 31. Ne5 Qc3+ 32. Kd1 Qa1+
33. Kd2 Qxa2+ 34. Ke3 Qxb3+ 35. Kf4 Qxd5 36. Nxg4 Qd2+ 37. Re3 b3 38. Nf6+ Kg7
39. Ne4 Qc1 0-1

[Event "World Cup"]
[Site "Khanty-Mansiysk RUS"]
[Date "2009.11.23"]
[Round "1.5"]
[White "Zhou Weiqi"]
[Black "Sutovsky, E."]
[Result "1-0"]
[WhiteElo "2603"]
[BlackElo "2666"]
[PlyCount "170"]
[EventDate "2009.11.21"]

1. e4 c5 2. Nf3 d6 3. Bb5+ Nd7 4. O-O Ngf6 5. Re1 a6 6. Bf1 Ne5 7. d3 Bg4 8.
Nbd2 Nxf3+ 9. Nxf3 e6 10. h3 Bh5 11. c3 Be7 12. Be3 O-O 13. Be2 d5 14. Nd2 Bg6
15. Bf3 Qc7 16. Bg5 Rfd8 17. e5 Ne8 18. Bxe7 Qxe7 19. Qe2 b5 20. Bh5 Bf5 21.
Bg4 Bg6 22. Bh5 Bf5 23. Bg4 Nc7 24. Bxf5 exf5 25. a4 g6 26. Nf3 Ne6 27. Qd2 b4
28. cxb4 cxb4 29. Rac1 Rac8 30. d4 g5 31. g3 Qa7 32. Red1 h6 33. Qxb4 Rxc1 34.
Rxc1 g4 35. Nh4 Qxd4 36. Qxd4 Nxd4 37. Rd1 Nf3+ 38. Nxf3 gxf3 39. Rd3 d4 40.
Kf1 Rd5 41. Rxf3 Rxe5 42. Rd3 Rd5 43. b4 Kf8 44. Ke2 Ke7 45. Rd2 a5 46. b5 Rc5
47. Rxd4 Rc2+ 48. Ke3 Ra2 49. Rf4 Ra3+ 50. Kd2 Ke6 51. Kc2 Ra2+ 52. Kb3 Rd2 53.
Rf3 Rd4 54. Ka3 Rd2 55. b6 Kd7 56. Rxf5 Kc6 57. Rf6+ Kb7 58. Kb3 h5 59. h4 Re2
60. Kc4 Re4+ 61. Kc5 Re5+ 62. Kd4 Re2 63. Kc3 Re4 64. Kb3 Rb4+ 65. Ka3 Rd4 66.
Rxf7+ Kxb6 67. Rf6+ Kc5 68. Rf5+ Kc4 69. Rxa5 Rd3+ 70. Kb2 Rf3 71. Rxh5 Rxf2+
72. Kc1 Rg2 73. Rg5 Kc3 74. Kd1 Kd3 75. Ke1 Ke3 76. Kf1 Ra2 77. Rf5 Rxa4 78.
Kg2 Ra1 79. h5 Ke4 80. Rf2 Ke5 81. g4 Ke4 82. Kg3 Rh1 83. Rf5 Ke3 84. Re5+ Kd4
85. Re2 Kd5 1-0

[Event "World Cup"]
[Site "Khanty-Mansiysk RUS"]
[Date "2009.11.23"]
[Round "1.6"]
[White "Navara, D."]
[Black "Laylo, D."]
[Result "1-0"]
[WhiteElo "2707"]
[BlackElo "2552"]
[PlyCount "63"]
[EventDate "2009.11.21"]

1. e4 d5 2. exd5 Nf6 3. Nf3 Qxd5 4. Nc3 Qd6 5. d4 c6 6. g3 Bg4 7. Bg2 e6 8. O-O
Be7 9. Bf4 Qb4 10. Qd2 O-O 11. a3 Qb6 12. Ne5 Bh5 13. Na4 Qb5 14. b3 Rd8 15.
Rfe1 Qa6 16. c4 Nbd7 17. Qb2 Rac8 18. Rac1 Nxe5 19. dxe5 Nd7 20. c5 b5 21. cxb6
Nxb6 22. Nc5 Bxc5 23. Rxc5 Nd5 24. Bg5 Re8 25. b4 h6 26. Bd2 Rb8 27. Qc1 Rb6
28. Bf1 Qb7 29. Bxh6 gxh6 30. Qxh6 Bg6 31. Rc4 Qe7 32. Rh4 1-0

[Event "World Cup"]
[Site "Khanty-Mansiysk RUS"]
[Date "2009.11.23"]
[Round "1.6"]
[White "Sargissian, G."]
[Black "Li Chao2"]
[Result "1/2-1/2"]
[WhiteElo "2676"]
[BlackElo "2596"]
[PlyCount "123"]
[EventDate "2009.11.21"]

1. d4 Nf6 2. c4 g6 3. Nc3 d5 4. Bg5 Ne4 5. Bh4 Nxc3 6. bxc3 dxc4 7. e3 Be6 8.
Nf3 Bg7 9. Qb1 b6 10. Be2 O-O 11. O-O c6 12. a4 a6 13. Ng5 Bd5 14. e4 h6 15.
Nf3 Be6 16. Rd1 Ra7 17. Qa2 b5 18. d5 cxd5 19. axb5 Bxc3 20. exd5 Bxd5 21. Rac1
Bg7 22. Bxc4 Bxc4 23. Qxc4 axb5 24. Qxb5 Rc7 25. Rb1 Qe8 26. Qb6 Rc8 27. Qb7
Nc6 28. Rbc1 e5 29. Nd2 g5 30. Bg3 Nd4 31. Rxc8 Qxc8 32. Qxc8 Rxc8 33. f3 Rc2
34. Kf1 f5 35. Bf2 Ne6 36. Nb3 Kf7 37. Rc1 Rb2 38. Nc5 Nf4 39. Rd1 Bf8 40. Nd3
Nxd3 41. Rxd3 Be7 42. Rc3 h5 43. h3 Ke6 44. Rc8 Kd5 45. Ra8 Kc4 46. Re8 Rb7 47.
Ke2 h4 48. Rc8+ Kd5 49. Ra8 Rb2+ 50. Kf1 Kc4 51. Re8 Rb7 52. Ke2 e4 53. fxe4
fxe4 54. Rc8+ Kd5 55. Be3 Rb2+ 56. Kf1 Rb1+ 57. Ke2 Bd6 58. Rd8 Rb2+ 59. Kf1
Rb1+ 60. Ke2 Ke6 61. Bxg5 Bg3 62. Rd1 1/2-1/2

[Event "World Cup"]
[Site "Khanty-Mansiysk RUS"]
[Date "2009.11.26"]
[Round "2.3"]
[White "Fressinet, L."]
[Black "Alekseev, Evgeny"]
[Result "0-1"]
[WhiteElo "2653"]
[BlackElo "2715"]
[PlyCount "112"]
[EventDate "2009.11.21"]

1. d4 Nf6 2. Nf3 e6 3. c4 b6 4. g3 Bb7 5. Bg2 Bb4+ 6. Bd2 c5 7. Bxb4 cxb4 8.
O-O O-O 9. Qb3 a5 10. a3 Na6 11. Nbd2 d6 12. Rfe1 Re8 13. Rad1 Qc7 14. e4 e5
15. Qd3 Rad8 16. Nh4 g6 17. Nf1 bxa3 18. bxa3 Nb8 19. Nf3 Nc6 20. Ne3 exd4 21.
Nd5 Nxd5 22. cxd5 Ne5 23. Qxd4 Nd7 24. h4 b5 25. Rb1 Ba6 26. Rbc1 Nc5 27. e5
Rc8 28. Bh3 Nb3 29. Bxc8 Nxd4 30. Nxd4 Qb6 31. Bxa6 Qxd4 32. e6 fxe6 33. Bxb5
Rf8 34. dxe6 Qxf2+ 35. Kh1 Qf3+ 36. Kh2 Qf2+ 37. Kh1 Qxg3 38. e7 Qxh4+ 39. Kg1
Qg5+ 40. Kh1 Qh4+ 41. Kg1 Qg5+ 42. Kh1 Qh5+ 43. Kg1 Qxb5 44. exf8=Q+ Kxf8 45.
Rc8+ Kg7 46. Rc7+ Kh6 47. Ree7 Qb1+ 48. Kg2 Qb2+ 49. Kg1 Qxa3 50. Rxh7+ Kg5 51.
Rc2 Qe3+ 52. Rf2 a4 53. Rhf7 Kg4 54. R7f6 g5 55. Rxd6 Kg3 56. Rdd2 Qe1+ 0-1

[Event "World Cup"]
[Site "Khanty-Mansiysk RUS"]
[Date "2009.11.26"]
[Round "2.4"]
[White "Rublevsky, S."]
[Black "Areshchenko, A."]
[Result "1-0"]
[WhiteElo "2697"]
[BlackElo "2664"]
[PlyCount "125"]
[EventDate "2009.11.21"]

1. e4 c5 2. Nc3 d6 3. f4 Nc6 4. Nf3 g6 5. Bb5 Bd7 6. O-O Bg7 7. d3 a6 8. Bxc6
Bxc6 9. Qe1 Qd7 10. Bd2 e6 11. f5 O-O-O 12. fxe6 fxe6 13. Kh1 Ne7 14. Ng5 Rdf8
15. Rxf8+ Bxf8 16. Qf2 Bg7 17. Qf7 Bh6 18. Rd1 e5 19. Nxh7 Bxd2 20. Rxd2 Ng8
21. Qf8+ Qd8 22. Qxd8+ Kxd8 23. Ng5 Ke7 24. g3 Nf6 25. Rf2 b5 26. Kg1 a5 27.
Nd1 c4 28. Ne3 cxd3 29. cxd3 Rc8 30. Rc2 Kd7 31. h4 Rb8 32. Rf2 Ke7 33. Rc2 Kd7
34. Kf2 Rf8 35. Ke1 Nh5 36. Rf2 Rxf2 37. Kxf2 Ke7 38. a3 b4 39. axb4 axb4 40.
Nc2 b3 41. Ne3 Nf6 42. Ke2 Nd7 43. Kd2 Nc5 44. Kc3 Bb5 45. Nc4 Bd7 46. Nf3 Bg4
47. Ne1 Be2 48. Ne3 Bxd3 49. Nxd3 Nxe4+ 50. Kxb3 Nxg3 51. Kc4 Ne4 52. b4 Ke6
53. b5 Kd7 54. Nd5 Nd2+ 55. Kb4 Nf3 56. Ka5 Nd4 57. b6 Kc6 58. Ka6 Kxd5 59.
Nb4+ Kc4 60. b7 Kxb4 61. b8=Q+ Kc5 62. Qc7+ Kd5 63. Qf7+ 1-0